header

Hans Bethe and his physics (Record no. 120082)

MARC details
000 -LEADER
fixed length control field 01359nam a22003494a 4500
082 04 - DEWEY DECIMAL CLASSIFICATION NUMBER
Classification number 530
245 00 - TITLE STATEMENT
Title Hans Bethe and his physics
260 ## - PUBLICATION, DISTRIBUTION, ETC. (IMPRINT)
Place of publication [Hackensack] New Jersey :
Name of publisher World Scientific,
Year of publication c2006.
300 ## - PHYSICAL DESCRIPTION
Number of Pages xiii, 314 p. :
Other physical details ill.
650 #0 - SUBJECT ADDED ENTRY--TOPICAL TERM
Topical Term Quantum electrodynamics.
Topical Term Astrophysics.
700 1# - ADDED ENTRY--PERSONAL NAME
Personal name Brown, G. E.
Personal name Lee, Chang-Hwan.
856 40 - ELECTRONIC LOCATION AND ACCESS
Uniform Resource Identifier http://site.ebrary.com/lib/rucke/Doc?id=10201372

No items available.

© 2026 Rongo University
Contact us: librarian | system librarian | Rongo university